Waima - wszystkie piosenki - Statystyki

Ogólne statystyki
  • Ten quiz został rozwiązany 101 razy
    42 od ostatniego zresetowania
  • Średni wynik to 53 z 97
Statystyki odpowiedzi
Wykonawca Piosenka Projekt Producent Data
Wydania
Odtworzenia spotify
/wyświetlenia yt
% Poprawnych
Waima feat. Xad Cameleo Cameleo Mjonszu 27.10.2023 846 k
94%
Waima Ring Ring TEN GOŚĆ Deemz, YARSKI 14.03.2024 20,1 mln
91%
Waima feat. LuKs, bambi Chwile Cameleo Kaptur, Mjonszu 30.06.2023 3,4 mln
88%
Waima Derealizacja TEN GOŚĆ francis, Deemz, Mjonszu 29.02.2024 1,7 mln
85%
Waima feat. Kejzer Lego Ziomaleo EP sonni 28.12.2020 7,3 mln
85%
Waima Ten Gość TEN GOŚĆ Deemz, Megot 13.06.2024 1,1 mln
85%
Waima feat. Sobel 1000 Lat Cameleo dontknowmorgan 13.10.2023 1,9 mln
82%
Waima Faraoni Cameleo Mjonszu 27.10.2023 776 k
82%
Waima Ziomaleo Ziomaleo EP TEF 16.11.2020 469 k
82%
Waima Anioł Cameleo Got Barss 15.09.2023 1,9 mln
79%
Waima feat. Białas Heisenberg Cameleo K4pel, Vanish, Mjonszu 27.10.2023 1,2 mln
79%
Waima feat. Oki, Szpaku Ride or Die Cameleo Mjonszu, Kaptur 27.10.2023 2,8 mln
79%
Waima feat. Young Leosia Ej Shawty TEN GOŚĆ Deemz 06.09.2024 46 k
76%
Waima Hotline Cameleo Mjonszu 05.05.2023 8,8 mln
76%
Waima feat. Otsochodzi Nie ma mowy Cameleo Kaptur 27.10.2023 1 mln
76%
Waima Still Neverland TEN GOŚĆ Audiownxt 06.09.2024 25 k
76%
Szpaku x Kubi Producent feat. Waima Crazy Frog UZUMAKI FORMA OSTATECZNA Kubi Producent 06.07.2023 9,5 mln
73%
Waima Neverland --- Waveyy 29.05.2020 115 k
73%
Żabson feat. Waima Nie Mam Czasu Na Wakacje Ostatni Ziomal Pedro, francis 30.06.2022 31,6 mln
73%
Waima Sam --- sixzinbeats 11.04.2022 26,1 mln
73%
Waima Aquaman Cameleo Ejten 27.10.2023 574 k
70%
Waima Finesse --- DXOR 31.12.2021 3,5 mln
70%
BUHAJ KLAN feat. Żabson, Waima Młody Ma To BUHAJ KLAN Friz 21.07.2022 6 mln
70%
Waima Nowe Menu TEN GOŚĆ Deemz, prodvicky 06.09.2024 28 k
70%
Diffi & Waima Once Or Twice --- PKZ 16.02.2022 5,8 mln
70%
Waima feat. Kinny Zimmer Wchodzę Na Djkę TEN GOŚĆ Kaptur, Mjonszu 06.09.2024 54 k
70%
Waima Capslock TEN GOŚĆ Deemz 06.09.2024 34 k
67%
Waima feat. Beteo Diabelski młyn Cameleo Kaptur 27.10.2023 645 k
67%
Waima Dni Lepsze Niż Ten TEN GOŚĆ bcdy47 06.09.2024 85 k
67%
Waima feat. MEFiU Honey --- krvchy 05.02.2025 296k
67%
FAVE feat. Borixon, Fligru, Waima, yezusslime Kredki --- PSR 04.10.2022 5,3 mln
67%
Waima Labirynt --- Mjonszu, Waima 25.08.2022 6,9 mln
67%
Deemz feat. bambi, Waima, Young Leosia, Kizo Lecę Bo Chcę --- Deemz 30.04.2024 21 mln
67%
Kubi Producent feat. Zeamsone, Young Leosia, Waima Mroczna Komnata Sen, którego nigdy nie miałem Kubi Producent 12.04.2024 3,6 mln
67%
Young Adisz feat. Waima Obudziłem Się W Bukareszcie Def Jam World Tour: BUCHAREST Endru 09.05.2024 3 mln
67%
Waima O Włos TEN GOŚĆ Mjonszu 28.03.2024 709 k
67%
Janusz Walczuk feat. Waima, Diffi, Xad, Yezus Teleport Jan Walczuk Premixm 02.12.2022 3,7 mln
67%
Aleshen x Waima Termosfera ALESHEN GGWeely 06.10.2023 3,3 mln
67%
Waima Ziomaleo (Jestem Nim) TEN GOŚĆ Mjonszu 02.08.2024 353 k
67%
Waima Zły --- vin ace 23.04.2021 15,1 mln
67%
Waima feat. Grobelny Asteroida Ziomaleo EP CapsCtrl 14.12.2020 740 k
64%
Waima Nie jest easy Cameleo Kaptur, Karawan 27.10.2023 687 k
64%
Waima Sprytny Plan TEN GOŚĆ Yarski 06.09.2024 40 k
64%
Waima feat. Fligru Backwood Ziomaleo EP Newage 30.11.2020 449 k
61%
slowez feat. Waima Coupe CZUJĘ SIĘ JAK SLOWEZ Mercury 25.04.2025 1k
61%
Young Multi feat. Waima Fanta TOXIC Papabless 17.12.2021 3,6 mln
61%
Zeamsone feat. Waima, Kruzzo Luksusowe Relacje 734 Guitars Westy 13.12.2020 814 k
61%
Young Leosia, bambi, Janusz Walczuk, Waima Skippers --- francis, deemz, Mjonszu, Phatrax 21.12.2023 11,3 mln
61%
CBW, Waima Super Saiyanin CBW MIXTAPE Kaptur 01.04.2023 2,9 mln
61%
Waima Eskimo Cameleo Kaptur 27.10.2023 518 k
58%
Waima feat. Diffi Game Ziomaleo EP ZEL 23.11.2020 319 k
58%
Young Igi feat. Waima International Def Jam World Tour: BERLIN Fade, Straightupglobal 17.10.2024 2.1 mln
58%
Waima Pierwszy raz Def Jam World Tour: BUCHAREST Bittman 30.05.2024 188 k
58%
AG x Waima Bida Def Jam World Tour: BUCHAREST C.S.T. 16.05.2024 437 k
55%
Beteo feat. Waima Czarne Oczy FREE AGENT Mercury, Wardza20k, Kemzy 31.05.2024 254 k
55%
banbi feat. Waima Dina Ayada in real life francis 16.11.2023 997 k
55%
Waima feat. Xad Gelato Ziomaleo EP Emkay 07.12.2020 337 k
55%
Waima High --- vin ace 27.05.2021 622 k
55%
Waima feat. nbglocu, $ierra Hol' up Ziomaleo EP level 21.12.2020 122 k
55%
Young Igi feat. Waima Nie Z Tej Ziemi KSZTAŁT MIŁOŚCI MIXTAPE Sergiusz, 2K 11.02.2025 404k
55%
RIP SCOOTTY & LEEO feat. Waima Olis Borderline LEEO 24.02.2022 1,2 mln
55%
Young Leosia, bambi, Janusz Walczuk, Waima Dobra Robota --- francis, deemz, Mjonszu, Phatrax 20.12.2024 1.1 mln
52%
Waima Genesis --- Kingxmags 13.10.2020 488 k
52%
Waima, Directed by Kooza intheblood --- CEDES 22.06.2021 2 mln
52%
Waima feat. Xad Korespondent Cameleo Mjonszu 27.10.2023 710 k
52%
Waima Krąg Cameleo Mjonszu, Waima 27.10.2023 569 k
52%
Waima Wholelottalies --- FCKIT, Serafin 08.07.2021 1,9 mln
52%
Kejmil x Waima Air Force --- --- 21.12.2020 405 k
48%
Waima Bottega --- vin ace 13.05.2021 904 k
48%
Waima Cyberbandit Cameleo - Delux --- 27.10.2023 ---
48%
Waima x Xad Wakeup! --- SACHY 13.01.2021 549 k
48%
Kejzer feat. Waima Afera --- Offkey 24.03.2021 259 k
45%
Ejten & GeezyBeatz feat. Waima Ben 10 8WAVE MIXTAPE GeezyBeatz 13.10.2021 250 k
45%
OG Eastbull, IDK, Aris, Waima, AG No Talk Cypher Def Jam World Tour: BUCHAREST C.S.T. 29.05.2024 215 k
45%
Wavyzien feat. Waima Fendi --- Friz 20.11.2020 153 k
42%
Waima, Asster Mercedes Freestyle (Intro) Camp V1 Deemz, francis, Skibovicz 29.07.2024 373 k
42%
Magiera feat. RIP SCOOTTY, Waima MSW FEAT. Magiera 17.09.2021 563 k
39%
Frosti feat. Waima Scrabble ONE FOOT OUT MIXTAPE Kaptur 08.12.2023 142 k
39%
Margaret feat. Waima Mniejsza o to Urbano Futuro Kacezet, LEEO 24.03.2023 585 k
36%
CBW, WoLa, slowez, Waima Stal CBW MIXTAPE Kaptur 01.04.2023 379 k
36%
Dżajkel feat. Młody Dkm, Waima Pass Ya LAZY EP --- 07.09.2020 62 k
30%
Witti feat. Waima FLG 7& OUHBOY 17.12.2020 91 k
27%
Wavyzien x Skat x Waima Genesis Remix --- Kingxmags 31.12.2020 33 k
27%
$ierra feat. Waima Glow Up --- GeezyBeatz 22.05.2021 59 k
27%
Haranczykov feat. Waima Lady Frankenstein Anarchia EP lil flexer 13.02.2021 136 k
27%
Grobelny feat. Waima Pardon --- Beck Beatz 28.11.2020 55 k
21%
mCz x Diffi feat. Waima Pull Up 2 --- RVN 08.01.2021 18 k
21%
Xad x Waima sleep! --- 2FP 26.03.2021 116 k
21%
Wavyzien feat. Waima Parawan --- --- ??.02.2021 16 k
18%
Czarek x Waima Toniemy --- --- ??.??.2021 1 k
18%
Locu feat. Waima Watchin' I'm ready to die for this shit Hoop 14.08.2021 8 k
15%
Dżajkel x Waima Flames --- --- 26.05.2020 12 k
12%
Otlewsky x Waima Delusions --- Hoop 19.03.2021 5 k
9%
nbglocu x Waima Newsky* --- --- 12.01.2021 4 k
9%
PopkillerTV Gdy zapada zmrok - Oficjalny Remix --- Chris Carson 06.10.2021 49 k
6%
Diffi x nbglocu x Waima x Xad x nbgolek x yezus popkiller młode wilki 8 remix --- Chris Carson 07.04.2021 58 k
6%
Waima Clout (newonce freestyle) --- Southside, CuBeatz 03.08.2022 59 k
0%
Nie znaleziono quizów pasujących do podanych kryteriów
Rozkład punktacji
Procent ludzi z każdym wynikiem
Percentyl według liczby udzielonych odpowiedzi
Twoja historia wyników
Nie rozwiązałeś tego quizu od ostatniego zresetowania